Sportarten A und B - Statistiken

Allgemein
  • Dieses Quiz wurde 154 mal gespielt
  • Das Durchschnittsergebnis liegt bei 3 aus 13
Antwortstatistiken
Tipp Antwort % Korrekt
B Basketball
90%
B BaseballSoftball
82%
B Badminton
56%
A American Football
23%
B Beachvolleyball
12%
B Bergsteigen
5%
A Aikido
4%
A Akrobatikturnen
4%
B BMX
3%
A Artistic Swimming
1%
B Bahnradsport
1%
B Boogie-Woogie
1%
B Booster
1%
Keine übereinstimmenden Quizze gefunden
Verteilung der Resultate
Anzahl Personen mit jedem Resultat
Perzentil nach korrekt beantworteten Fragen
Ihre Resultats-Entwicklung
Sie haben dieses Quiz noch nicht gespielt